Từ điển đa công năng Hán-Việt hiện đại

Αποθηκεύτηκε σε:
Λεπτομέρειες βιβλιογραφικής εγγραφής
Μορφή: Άγνωστο
Έκδοση: 2005
Ετικέτες: Προσθήκη ετικέτας
Δεν υπάρχουν, Καταχωρήστε ετικέτα πρώτοι!
Thư viện lưu trữ: Mạng thư viện Đại học Đà Nẵng
LEADER 00702na a2200205 4500
001 000032336
003 8418
005 20151002091330.0
008 151002s2005 000
082 |a 495.13 
245 |a Từ điển đa công năng Hán-Việt hiện đại  |c Trương Văn Giới 
260 |c 2005 
OWN |a LNN 
AVA |a UDN50  |b LNN  |d 495.13  |e available  |t Error 5001 Not defined in file expand_doc_bib_avail.  |f 1  |g 0  |h N  |i 0  |k 1 
999 |a From the UDN01 
AVA |a UDN50  |b LNN  |d 495.13  |e available  |t Error 5001 Not defined in file expand_doc_bib_avail.  |f 1  |g 0  |h N  |i 0  |k 1 
TYP |a Printed language 
980 |a Mạng thư viện Đại học Đà Nẵng